• 首页
  • 本馆介绍
  • 公告通知
  • 最新文献
  • 馆藏检索
  • 电子资源
  • 读者导购
  • 参考咨询
  • 我的图书馆
  • 登录
  • 详细信息显示
  • 放入我的书架
  • 预约/预借图书
  • 作者相关作品
  • 分类相关作品
  • 丛书相关作品
  • 出版社相关作品

书目信息

  • 表格格式
  • 工作单格式
  • 卡片格式
题名:
学前卫生学
    
 
作者: 朱焕芝 , 程文杰 主编
分册:  
出版信息: 北京   中央广播电视大学出版社  2017
页数: 215页
开本: 26cm
丛书名:
单 册:
中图分类: R179
科图分类:
主题词: 学前儿童--儿童少年卫生学--职业教育--教材
电子资源:
ISBN: 978-7-304-08658-9
000 00881nam0 2200241 450
001 2112
005 20180522164658.91
010    @a978-7-304-08658-9@dCNY46.00
100    @a20180217d2017 em y0chiy50 ea
101 0  @achi
102    @aCN@b110000
105    @aa z 000yy
200 1  @a学前卫生学@9xue qian wei sheng xue@f朱焕芝,程文杰主编
210    @a北京@c中央广播电视大学出版社@d2017
215    @a215页@c图@d26cm
300    @a面向“十三五”职业教育精品规划教材
330    @a本书共分6章,包括学前儿童生理特点及卫生保健、学前儿童生长发育及评价、学前儿童心理健康及教育、学前儿童营养健康及卫生、托幼园所生活保健制度等内容。
606 0  @a学前儿童@x儿童少年卫生学@x职业教育@j教材
690    @aR179@v5
701  0 @a朱焕芝@9zhu huan zhi@c(女,@f1971-)@4主编
701  0 @a程文杰@9cheng wen jie@c(幼儿教育)@4主编
801  0 @aCN@b91MARC@c20180217
905    @aMuseLib@dR179@e251
    
    学前卫生学/朱焕芝,程文杰主编.-北京:中央广播电视大学出版社,2017
    215页:图;26cm
    面向“十三五”职业教育精品规划教材
    
    ISBN 978-7-304-08658-9:CNY46.00
    本书共分6章,包括学前儿童生理特点及卫生保健、学前儿童生长发育及评价、学前儿童心理健康及教育、学前儿童营养健康及卫生、托幼园所生活保健制度等内容。
●
相关链接 在E读中查询图书 在五车中查询图书 在当当中查询图书 在豆瓣中查询图书


正题名:学前卫生学     索取号:R179/251         预约/预借

序号 登录号 条形码 馆藏地/架位号 状态 备注
1 1107997   211079973   第二样本阅览室/ [索取号:R179/251] 在馆    
2 1107998   211079982   教育系资料室/ [索取号:R179/251] 在馆    
3 1107999   211079991   教育系资料室/ [索取号:R179/251] 在馆    
4 1108000   211080006   第三借阅区/ [索取号:R179/251] 在馆    
唐山师范学院图书馆 欢迎您!
大连网信软件有限公司© 版权所有